000 01198nam a2200241 a 4500
001 DLC000045452
005 20240524070830.0
008 220107b2021 vm vie d
020 _a9786043351118
040 _aDLC
_bvie
_cDLC
_eAACR2
041 1 _avie
_heng
082 0 4 _a204.4
_bT651
100 1 _aTolle, Eckhart
245 1 0 _aTrải nghiệm sức mạnh hiện tại
_c/ Eckhart Tolle ; Minh Gấm dịch
246 1 1 _aPracticing the power of now
260 _aTp. Hồ Chí Minh
_b: Tổng hợp Tp. Hồ Chí Minh
_c, 2021
300 _a238 tr.
_c; 17 cm
520 _aĐưa ra những bài học, lời khuyên cho những ai đang gặp khó khăn trong cuộc sống, tìm kiếm sự đồng cảm, đi tìm những chỉ dẫn để được hạnh phúc và thấu hiểu bản chất chân thực của chính mình như: việc tập quan sát những luồng suy nghĩ, hóa giải những đối nghịch trong tâm trí, học cách chấp nhận những biến cố, xem mối quan hệ như một cách để rèn luyện khả năng tâm linh ...
653 0 4 _aĐời sống tâm linh
653 0 4 _aSpiritual life
700 0 _aMinh Gấm
_e: Dịch
942 _2ddc
_cBK
999 _c4
_d4